Iteracii formuly Rimana-Zigelja sochranjajuščije množestvo nulej i kratnostej nulej funkcii Z(t)

Bibliographic Details
Main Author: Mozer, Ján (Author)
Format: Article
Language:Slovak
Russian
PhysicalDescription:Res. angl., lit. 4 zázn. v angl., ruš.
ISSN:0139-9918
Subjects:

MARC

LEADER 00000nab a2200000 a 4500
001 vtls000527910
003 SK-MaSNL
005 20260304090234.0
008 250425c1994 xo 0 slo
015 |a SNBRB19rr/mm-uuuuu 
035 |a CL0528048 
035 |a urn:nbn:sk:snk-abbono 
035 |a (urnnbn)urn:nbn:sk:snk:ar-006kcn 
035 |a (uuid)c050ecb8-976e-42a0-a76c-4b92d73fe343 
040 |a SNKBUCL  |b slo  |c SNKBUCL  |e AACR2 
041 0 |a rus 
044 |a xo  |c SK 
080 |a 517.538  |2 1981 
100 1 |a Mozer, Ján  |4 aut  |9 279101 
245 1 0 |a Iteracii formuly Rimana-Zigelja sochranjajuščije množestvo nulej i kratnostej nulej funkcii Z(t)  |c Ján Mozer 
300 |b Res. angl., lit. 4 zázn. v angl., ruš. 
650 0 7 |a vzorec Riemannov-Siegelov  |2 snkbucl  |9 1294224 
650 0 7 |a iterácie  |2 snkbucl  |9 1380946 
655 7 |a články z novín a časopisov  |2 snkbucl  |9 267496 
773 0 |t Mathematica slovaca  |g Roč. 44, č. 2 (1994), s. 213-223  |x 0139-9918 
850 |a Slovenská národná knižnica 
852 |a Slovenská národná knižnica 
958 |a article15 
958 |a OND 
958 |a RK 
958 |a EUIPO 
992 |a RBX 
999 |c 2810835  |d 2812765